Prienik a etablovanie startupov v medzinárodnom podnikateľskom prostredí

Prienik startupov na zahraničné trhy a ich etablovanie v medzinárodnom prostredí. Efektívne startupy a začínajúce podnikania - formy vstupu na zahraničné trhy z hľadiska atraktivity startupu. Príklady z praxe.

Uložené v:
Podrobná bibliografia
Hlavný autor: Procházková, Katarína, 1983-
Médium: Kapitola
Jazyk:Slovak
Predmet:
Tagy: Pridať tag
Žiadne tagy, Buďte prvý, kto otaguje tento záznam!

MARC

LEADER 00000naa$a2200000$$$4500
001 0210892
005 20240502073519.8
041 0 |a slo 
044 |a SK 
245 1 0 |a Prienik a etablovanie startupov v medzinárodnom podnikateľskom prostredí  |c Katarína Procházková 
520 |a Prienik startupov na zahraničné trhy a ich etablovanie v medzinárodnom prostredí. Efektívne startupy a začínajúce podnikania - formy vstupu na zahraničné trhy z hľadiska atraktivity startupu. Príklady z praxe. 
610 2 0 |a podnikanie medzinárodné 
610 2 0 |a prostredie podnikateľské 
610 2 0 |a politika podnikania 
610 2 0 |a trh zahraničný 
610 2 0 |a internacionalizácia 
610 2 0 |a start-up 
100 1 |a Procházková, Katarína, 1983-